Cyclisme : les champions du monde (en images) - Statistiques

Statistiques générales
  • Ce quiz a été pris 204 fois
  • Le résultat moyen est 9 sur 24
Statistiques - réponses
Par images Réponse % Correct
Mathieu van der Poel
97%
Julian Alaphilippe
94%
Remco Evenepoel
92%
Bernard Hinault
70%
Eddy Merckx
64%
Philippe Gilbert
62%
Cadel Evans
60%
Tom Boonen
56%
Rui Faria da Costa
37%
Michal Kwiatkovski
36%
Greg LeMond
34%
Fausto Coppi
33%
Louison Bobet
31%
Felice Gimondi
19%
Joop Zoetemelk
18%
Francesco Moser
17%
Rik Van Looy
14%
Tom Simpson
13%
Ferdi Kübler
12%
Freddy Maertens
12%
Alfredo Binda
11%
Claude Criquielion
11%
Rik Van Steenbergen
7%
Jean-Pierre Monseré
5%
Aucun quiz correspondant
Distribution des résultats
% des personnes avec chaque résultat
Percentile par nombre de réponses
Votre historique - résultats
Vous n’avez pas pris ce quiz